000 00838nam a2200217 a 4500
001 000022688
005 20200930021735.0
008 101115s1987 sp r 000 j spa d
040 _aDO-SdBNP
_bspa
_cBNPHU
082 _aB869.42
_bC965b
245 0 1 _aCuentistas brasileños /
_cpresentación de Mario Razzeto ; traducción de Luis Fernando Vidal ; coordinación y selección de Hilda Scarabotolo de Codina ; edición Ricardo Silva-Santisteban.
260 _aLima :
_bEmbajada del Brasil,
_c1987.
300 _a1. ;
_c17 cm.
490 1 _aTierra brasileña
_aLiteratura
650 4 _aCuentos brasileños
_924191
650 4 _aLiteratura brasileña
_bSIGLO XX
_946649
700 1 _aVidal, Luis Fernando
_eed.
_946650
700 1 _aSilva-Santisteban, Ricardo
_etr.
_946651
830 0 _aTierra brasileña
_pLiteratura
_946652
049 _aBNGR
999 _c22185
_d22185